Οργανωσιακή Ψυχολογία και Συμπεριφορά / Πρώτη Έκδοση (Record no. 6338)
[ view plain ]
| 000 -LEADER | |
|---|---|
| fixed length control field | 02366cam a22002174a 4500 |
| 005 - ΗΜΕΡΟΜΗΝΙΑ ΚΑΙ ΩΡΑ ΤΕΛΕΥΤΑΙΑΣ ΕΝΗΜΕΡΩΣΗΣ | |
| Πεδίο ελέγχου | 20250605164239.0 |
| 008 - FIXED-LENGTH DATA ELEMENTS--GENERAL INFORMATION | |
| Πεδίο ελέγχου σταθερού μήκους | 250528s ||||||||||||||||||||||||d |
| 035 ## - SYSTEM CONTROL NUMBER | |
| System control number | 21273 |
| 020 ## - ISBN | |
| ISBN | 9789608940741 |
| 040 ## - ΠΗΓΗ ΚΑΤΑΛΟΓΟΓΡΑΦΗΣΗΣ | |
| Φορέας πρωτότυπης καταλογογράφησης | MC Athens Campus Library |
| Γλώσσα καταλογογράφησης | Ελληνικά, Μοντέρνα (1453-) |
| Modifying agency | MC Athens Campus Library |
| Κανόνες περιγραφικής καταλογογράφησης | AACR2 |
| 245 1# - ΤΙΤΛΟΣ ΚΑΙ ΔΗΛΩΣΗ ΥΠΕΥΘΥΝΟΤΗΤΑΣ | |
| Τίτλος | Οργανωσιακή Ψυχολογία και Συμπεριφορά / Πρώτη Έκδοση |
| 250 ## - EDITION STATEMENT | |
| Edition statement | 1η |
| 260 ## - PUBLICATION, DISTRIBUTION, ETC. | |
| Name of publisher, distributor, etc. | Rosili, |
| Date of publication, distribution, etc. | 2012 |
| 300 ## - PHYSICAL DESCRIPTION | |
| Extent | 490 |
| 520 ## - SUMMARY, ETC. | |
| Summary, etc. | Το βιβλίο αυτό αναλύει όλες τις βασικές έννοιες της οργανωσιακής ψυχολογίας και συμπεριφοράς τόσο σε θεωρητικό όσο και σε πρακτικό επίπεδο. Λίγα Λόγια για τους Συγγραφείς, Το Γνωστικό Αντικείμενο και η Εξέλιξη της Οργανωσιακής Ψυχολογίας και Συμπεριφοράς, Ψυχολογία των Ατομικών Διαφορών και Ψυχομετρική Αξιολόγηση, Αντιληψη και Στερεότυπα στον Εργασιακό Χώρο και Πρακτικές Εφαρμογές στην Αξιολόγηση της Απόδοσης, Ο Ρόλος της Παρακίνησης στο Σύγχρονο Εργασιακό Περιβάλλον, Εργασιακές Στάσεις και Θετικές και Αρνητικές Συμπεριφορές στην Εργασία, Άγχος και Επαγγελματική Εξουθένωση στον Εργασιακό Χώρο, Θεωρίες Μάθησης: Πρακτικές Εφαρμογές στην Εκπαίδευση και Ανάπτυξη Εργαζομένων, Δυναμική των Ομάδων στον Εργασιακό Χώρο, Ηγεσία, Αποτελεσματική Επικοινωνία και Διαχείριση Συγκρούσεων, Διοικώντας τις Αλλαγές στον Εργασιακό Χώρο και Ο Ρόλος της Οργανωσιακής Κουλτούρας, Προσέλκυση και Επιλογή Ανθρώπινου Δυναμικού, Καριέρα και Ανάπτυξη Σταδιοδρομίας. |
| 700 1# - ΠΡΟΣΘΕΤΗ ΑΝΑΓΡΑΦΗ--ΦΥΣΙΚΟ ΠΡΟΣΩΠΟ | |
| Personal name | Βακόλα Μαρία |
| 9 (RLIN) | 7311 |
| 700 1# - ΠΡΟΣΘΕΤΗ ΑΝΑΓΡΑΦΗ--ΦΥΣΙΚΟ ΠΡΟΣΩΠΟ | |
| Personal name | Νικολάου Ιωάννης |
| 9 (RLIN) | 7312 |
| 942 ## - ADDED ENTRY ELEMENTS (KOHA) | |
| Koha item type | Books |
| Τύπος τεκμηρίου | Βιβλιοθήκη | Τρέχουσα τοποθεσία | Barcode | Αριθμός εισαγωγής | Ημερομηνία απόκτησης | Ταξιθετικό σύμβολο | Αριθμός αντιτύπου | Κατάσταση απόσυρσης | Κατάσταση χαμένου | Κατάσταση κατεστραμμένου | Μη δανεισμός | Σύνολο δανεισμών | Σύνολο ανανεώσεων | Ημερομηνία τελευταίας εμφάνισης | Χρονολογία τελευταίου δανεισμού | Η τιμή ισχύει από |
|---|---|---|---|---|---|---|---|---|---|---|---|---|---|---|---|---|
| Books | MC Athens Campus Library | MC Athens Campus Library | 9780000063373 | 5338 | 05/06/2025 | REF 158.7 ΒΑΚ | 1 | 1 | 1 | 20/11/2025 | 12/11/2025 | 05/06/2025 |